Intelligence and learning / (Record no. 8266)

MARC details
000 -LEADER
fixed length control field 02595cam a22003254a 4500
001 - CONTROL NUMBER
control field 16379134
003 - CONTROL NUMBER IDENTIFIER
control field OSt
005 - DATE AND TIME OF LATEST TRANSACTION
control field 20240306144835.0
008 - FIXED-LENGTH DATA ELEMENTS--GENERAL INFORMATION
fixed length control field 100806s2010 nyua 001 0 eng
010 ## - LIBRARY OF CONGRESS CONTROL NUMBER
LC control number 2010032632
020 ## - INTERNATIONAL STANDARD BOOK NUMBER
International Standard Book Number 9780230249448 (pbk.)
035 ## - SYSTEM CONTROL NUMBER
System control number (OCoLC)ocn654815031
040 ## - CATALOGING SOURCE
Original cataloging agency DLC
Transcribing agency DLC
Modifying agency YDX
-- YDXCP
-- BWX
-- CDX
-- DLC
042 ## - AUTHENTICATION CODE
Authentication code pcc
050 00 - LIBRARY OF CONGRESS CALL NUMBER
Classification number BF431
Item number .L774 2010
082 00 - DEWEY DECIMAL CLASSIFICATION NUMBER
Classification number 178 nik 2010.
Edition number 22
100 1# - MAIN ENTRY--PERSONAL NAME
Personal name Lund, Nick,
Dates associated with a name 1956-
9 (RLIN) 16905
245 10 - TITLE STATEMENT
Title Intelligence and learning /
Statement of responsibility, etc. Nick Lund.
260 ## - PUBLICATION, DISTRIBUTION, ETC. (IMPRINT)
Place of publication, distribution, etc. New York :
Name of publisher, distributor, etc. Palgrave Macmillan,
Date of publication, distribution, etc. 2010.
300 ## - PHYSICAL DESCRIPTION
Extent x, 178 p. :
Other physical details ill. ;
Dimensions 22 cm.
490 0# - SERIES STATEMENT
Series statement Palgrave insights in psychology
504 ## - BIBLIOGRAPHY, ETC. NOTE
Bibliography, etc Includes bibliographical references (p. 154-171) and index.
505 8# - FORMATTED CONTENTS NOTE
Formatted contents note Machine generated contents note: INTRODUCTION -- THEORIES OF INTELLIGENCE -- 2.1. What is Human Intelligence? -- 2.1.1. One Factor or Many? -- 2.2. Psychometric Theories -- 2.3. Learning Approach -- 2.4. Intelligence and Information Processing -- 2.5. Triarchic Theory of Intelligence -- 2.6. Gardner's Theory of Multiple Intelligences -- 2.7. Emotional Intelligence -- ANIMAL LEARNING -- 3.1. Nature of Simple Learning -- 3.2. Classical Conditioning -- 3.3. Operant Conditioning -- 3.4. Problems of Simple Learning Theories -- 3.5. Information Processing Explanations of Learning -- ANIMAL INTELLIGENCE -- 4.1. What is 'Intelligence' in Non-Human Animals? -- 4.2. Social Learning -- 4.3. Self-Recognition -- 4.4. Machiavellian Intelligence -- 4.5. Theory of Mind -- 4.6. Language in Non-Human Animals -- EVOLUTION OF HUMAN INTELLIGENCE -- 5.1. Why are Humans Intelligent? -- 5.2. Brain Size -- 5.3. Ecological Demands -- 5.4. Social Complexity -- INTELLIGENCE TEST PERFORMANCE -- 6.1. Intelligence and IQ -- 6.2. Genetic Influence on Intelligence -- 6.3. Neurobiology and Intelligence -- 6.4. Environmental Influences on Intelligence -- 6.4.1. Environmental Enrichment -- 6.5. Culture and Intelligence -- 6.6. Interaction of Nature and Nurture.
520 ## - SUMMARY, ETC.
Summary, etc. "Covering the nature of human and animal intelligence, this compact and accessible text is the perfect aid for students who wish to delve deeper into the subject. The author presents a clear introduction to a broad range of key topics, including theories of learning, influences on intelligence, and test performance"--
Assigning source Provided by publisher.
650 #0 - SUBJECT ADDED ENTRY--TOPICAL TERM
Topical term or geographic name as entry element Intellect.
9 (RLIN) 16906
650 #0 - SUBJECT ADDED ENTRY--TOPICAL TERM
Topical term or geographic name as entry element Learning.
9 (RLIN) 16907
906 ## - LOCAL DATA ELEMENT F, LDF (RLIN)
a 7
b cbc
c orignew
d 1
e ecip
f 20
g y-gencatlg
942 ## - ADDED ENTRY ELEMENTS (KOHA)
Source of classification or shelving scheme Dewey Decimal Classification
Koha item type Open Shelf
Holdings
Withdrawn status Lost status Source of classification or shelving scheme Damaged status Not for loan Home library Current library Date acquired Inventory number Total Checkouts Full call number Barcode Date last seen Price effective from Koha item type
    Dewey Decimal Classification     MUST Main Library MUST Main Library 06/03/2024 14/38607   178 nik 2010. 2024-0037 06/03/2024 06/03/2024 Open Shelf